| 000 | 00650nam a22001577a 4500 | ||
|---|---|---|---|
| 003 | OSt | ||
| 005 | 20150918182444.0 | ||
| 008 | 150918b xxu||||| |||| 00| 0 eng d | ||
| 040 | _cRUA | ||
| 082 | _aAGR NEA 2005 B032 Or.1 | ||
| 100 |
_9815 _aNEANG VISAL |
||
| 245 | _aThe impact of imported vegetables on the local vegetable production in kampong cham province,(ឥទ្ធិពលនៃការនំាបន្លែចូលលើផលិតកម្មបន្លែក្នុងស្រុក នៅខេត្តកំពង់ចាម) | ||
| 260 |
_aphnom penh _bRUA _c2005 |
||
| 300 |
_axv,56p. _cill. _g29cm. |
||
| 942 |
_2ddc _cAGR |
||
| 999 |
_c787 _d787 |
||